Top 250 Films on Letterboxd - 2026 - Statistics

General Stats
  • This quiz has been taken 1,170 times
    458 since last reset
  • The average score is 59 of 250
Answer Stats
Rank Director Actor Year Film % Correct
15 Francis Ford Coppola Marlon Brando 1972 The Godfather
93%
78 Peter Jackson Elijah Wood 2001 The Lord of the Rings: The Fellowship of the Ring
86%
14 Bong Joon-ho Song Kang-ho 2019 Parasite
84%
7 Francis Ford Coppola Al Pacino 1974 The Godfather: Part II
83%
167 Fritz Lang Peter Lorre 1931 M
78%
24 Christopher Nolan Christian Bale 2008 The Dark Knight
78%
94 David Fincher Morgan Freeman 1995 Se7en
77%
12 Steven Spielberg Liam Neeson 1993 Schindler's List
71%
18 Sergio Leone Clint Eastwood 1966 The Good, the Bad and the Ugly
70%
11 Peter Jackson Elijah Wood 2003 The Lord of the Rings: The Return of the King
70%
38 Christopher Nolan Matthew McConaughey 2014 Interstellar
69%
5 Akira Kurosawa Toshirō Mifune 1954 Seven Samurai
69%
45 Peter Jackson Elijah Wood 2002 The Lord of the Rings: The Two Towers
69%
8 Frank Darabont Tim Robbins 1994 The Shawshank Redemption
69%
3 Sidney Lumet Henry Fonda 1957 12 Angry Men
64%
30 Martin Scorsese Robert De Niro 1990 Goodfellas
63%
240 Quentin Tarantino John Travolta 1994 Pulp Fiction
61%
35 Hayao Miyazaki Rumi Hiiragi 2001 Spirited Away
60%
99 Quentin Tarantino Brad Pitt 2009 Inglourious Basterds
60%
29 Paul Thomas Anderson Daniel Day-Lewis 2007 There Will Be Blood
59%
131 Quentin Tarantino Jamie Foxx 2012 Django Unchained
58%
59 Roman Polanski Adrien Brody 2002 The Pianist
58%
220 Stanley Kubrick Keir Dullea 1968 2001: A Space Odyssey
57%
147 Alfred Hitchcock Anthony Perkins 1960 Psycho
56%
40 Francis Ford Coppola Martin Sheen 1979 Apocalypse Now
55%
85 Denis Villeneuve Timothée Chalamet 2024 Dune: Part Two
55%
88 Gus Van Sant Matt Damon 1997 Good Will Hunting
54%
121 Jonathan Demme Jodie Foster 1991 The Silence of the Lambs
54%
197 David Fincher Edward Norton 1999 Fight Club
53%
48 Damien Chazelle Miles Teller 2014 Whiplash
52%
10 Fernando Meirelles Alexandre Rodrigues 2002 City of God
51%
95 Miloš Forman Jack Nicholson 1975 One Flew Over the Cuckoo's Nest
51%
174 James Cameron Arnold Schwarzenegger 1991 Terminator 2: Judgment Day
51%
221 Ridley Scott Sigourney Weaver 1979 Alien
49%
146 Joel Coen / Ethan Coen Javier Bardem 2007 No Country for Old Men
49%
190 Michael Curtiz Humphrey Bogart 1942 Casablanca
48%
122 Martin Scorsese Leonardo DiCaprio 2006 The Departed
48%
64 Irvin Kershner Mark Hamill 1980 The Empire Strikes Back
45%
39 Frank Capra James Stewart 1946 It's a Wonderful Life
44%
224 Steven Spielberg Tom Hanks 1998 Saving Private Ryan
44%
1 Masaki Kobayashi Tatsuya Nakadai 1962 Harakiri
42%
93 Park Chan-wook Choi Min-sik 2003 Oldboy
42%
234 Wes Anderson Ralph Fiennes 2014 The Grand Budapest Hotel
42%
161 Wes Anderson George Clooney 2009 Fantastic Mr. Fox
41%
226 Daniel Scheinert / Daniel Kwan Michelle Yeoh 2022 Everything Everywhere All at Once
41%
66 David Lean Peter O'Toole 1962 Lawrence of Arabia
41%
97 Alfred Hitchcock James Stewart 1954 Rear Window
41%
189 Christopher Nolan Hugh Jackman 2006 The Prestige
41%
21 Mathieu Kassovitz Vincent Cassel 1995 La Haine
40%
4 Elem Klimov Aleksei Kravchenko 1985 Come and See
39%
65 Spike Lee Danny Aiello 1989 Do the Right Thing
39%
156 Michael Mann Al Pacino 1995 Heat
39%
61 Roberto Benigni Roberto Benigni 1997 Life Is Beautiful
39%
130 Charlie Chaplin Charlie Chaplin 1940 The Great Dictator
39%
115 Peter Weir Robin Williams 1989 Dead Poets Society
38%
157 Stanley Kubrick Peter Sellers 1964 Dr. Strangelove or: How I Learned to Stop Worrying and Love the Bomb
38%
212 David Lynch Naomi Watts 2001 Mulholland Drive
37%
68 Rodney Rothman / Peter Ramsey / Bob Persichetti Shameik Moore 2018 Spider-Man: Into the Spider-Verse
36%
17 Akira Kurosawa Tatsuya Nakadai 1985 Ran
36%
110 John Carpenter Kurt Russell 1982 The Thing
36%
106 Miloš Forman F. Murray Abraham 1984 Amadeus
35%
239 Michel Gondry Jim Carrey 2004 Eternal Sunshine of the Spotless Mind
35%
180 Spike Lee Denzel Washington 1992 Malcolm X
35%
33 Stanley Kubrick Kirk Douglas 1957 Paths of Glory
35%
155 Richard Linklater Ethan Hawke 1995 Before Sunrise
34%
41 Billy Wilder Jack Lemmon 1960 The Apartment
34%
26 Isao Takahata Tsutomu Tatsumi 1988 Grave of the Fireflies
33%
56 Joaquim Dos Santos / Justin K. Thompson / Kemp Powers Shameik Moore 2023 Spider-Man: Across the Spider-Verse
33%
160 Roman Polanski Jack Nicholson 1974 Chinatown
33%
133 Denis Villeneuve Hugh Jackman 2013 Prisoners
33%
187 Frank Darabont Tom Hanks 1999 The Green Mile
33%
9 Masaki Kobayashi Tatsuya Nakadai 1959 The Human Condition I: No Greater Love
33%
142 Richard Linklater Ethan Hawke 2004 Before Sunset
32%
104 Hayao Miyazaki Chieko Baisho 2004 Howl's Moving Castle
32%
73 Hayao Miyazaki Youji Matsuda 1997 Princess Mononoke
32%
6 Akira Kurosawa Toshirō Mifune 1963 High and Low
32%
52 Bong Joon-ho Song Kang-ho 2003 Memories of Murder
32%
128 Ingmar Bergman Max von Sydow 1957 The Seventh Seal
32%
247 Robert Wise Julie Andrews 1965 The Sound of Music
32%
60 Stanley Kubrick Ryan O'Neal 1975 Barry Lyndon
31%
127 Charlie Chaplin Charlie Chaplin 1931 City Lights
31%
151 Sidney Lumet Al Pacino 1975 Dog Day Afternoon
31%
19 Giuseppe Tornatore Philippe Noiret 1988 Cinema Paradiso
30%
37 Denis Villeneuve Lubna Azabal 2010 Incendies
30%
84 Wong Kar-wai Maggie Cheung 2000 In the Mood for Love
30%
75 Sergio Leone Claudia Cardinale 1968 Once Upon a Time in the West
29%
77 Ingmar Bergman Bibi Andersson 1966 Persona
29%
113 Stanley Donen / Gene Kelly Gene Kelly 1952 Singin' in the Rain
29%
42 Billy Wilder William Holden 1950 Sunset Boulevard
28%
120 Krzysztof Kieślowski Irène Jacob 1994 Three Colours: Red
28%
13 Edward Yang Wu Nien-Jen 2000 Yi Yi
28%
191 Federico Fellini Marcello Mastroianni 1963
27%
16 Akira Kurosawa Takashi Shimura 1952 Ikiru
27%
195 Billy Wilder Tony Curtis 1959 Some Like It Hot
27%
63 Andrei Tarkovsky Aleksandr Kaydanovskiy 1979 Stalker
27%
163 David Lynch Anthony Hopkins 1980 The Elephant Man
27%
136 David Lynch Sheryl Lee 1992 Twin Peaks: Fire Walk with Me
27%
25 Masaki Kobayashi Tatsuya Nakadai 1959 The Human Condition II: Road to Eternity
26%
230 Fritz Lang Gustav Fröhlich 1927 Metropolis
25%
214 Charlie Chaplin Charlie Chaplin 1936 Modern Times
25%
2 Masaki Kobayashi Tatsuya Nakadai 1961 The Human Condition III: A Soldier's Prayer
25%
179 Thomas Vinterberg Mads Mikkelsen 2012 The Hunt
25%
89 Wim Wenders Harry Dean Stanton 1984 Paris, Texas
24%
172 Florian Zeller Anthony Hopkins 2020 The Father
23%
31 Gillo Pontecorvo Brahim Hadjadj 1966 The Battle of Algiers
22%
223 Alexander Payne Paul Giamatti 2023 The Holdovers
22%
132 Wolfgang Petersen Jürgen Prochnow 1981 Das Boot
21%
72 Park Chan-wook Kim Min-hee 2016 The Handmaiden
21%
43 Yasujirō Ozu Chishū Ryū 1953 Tokyo Story
21%
159 Akira Kurosawa Toshirō Mifune 1961 Yojimbo
21%
23 Ingmar Bergman Ingrid Bergman 1978 Autumn Sonata
20%
80 Satoshi Kon Junko Iwao 1997 Perfect Blue
20%
158 Alfonso Cuarón Clive Owen 2006 Children of Men
20%
50 Céline Sciamma Noémie Merlant 2019 Portrait of a Lady on Fire
20%
250 Martin Scorsese Robert De Niro 1982 The King of Comedy
20%
102 Costa-Gavras Yves Montand 1969 Z
20%
183 Katsuhiro Otomo Mitsuo Iwata 1988 Akira
19%
46 Carl Theodor Dreyer Maria Falconetti 1928 The Passion of Joan of Arc
19%
36 Andrei Tarkovsky Anatoliy Solonitsyn 1966 Andrei Rublev
18%
249 Sergio Leone Clint Eastwood 1965 For a Few Dollars More
18%
173 Vittorio De Sica Lamberto Maggiorani 1948 Bicycle Thieves
17%
188 Brad Bird Vin Diesel 1999 The Iron Giant
17%
49 Ingmar Bergman Pernilla Allwin 1982 Fanny and Alexander
17%
202 Federico Fellini Marcello Mastroianni 1960 La Dolce Vita
17%
137 Andrei Tarkovsky Margarita Terekhova 1975 Mirror
17%
126 Ingmar Bergman Victor Sjöström 1957 Wild Strawberries
17%
67 John Cassavetes Gena Rowlands 1974 A Woman Under the Influence
16%
27 Hideaki Anno / Kazuya Tsurumaki Megumi Ogata 1997 Neon Genesis Evangelion: The End of Evangelion
16%
210 Sidney Lumet Faye Dunaway 1976 Network
16%
81 Peter Bogdanovich Tatum O'Neal 1973 Paper Moon
16%
79 Béla Tarr Mihály Vig 1994 Sátántangó
16%
22 Edward Yang Chang Chen 1991 A Brighter Summer Day
15%
100 Joseph L. Mankiewicz Bette Davis 1950 All About Eve
15%
116 Bob Fosse Roy Scheider 1979 All That Jazz
15%
185 Wong Kar-wai Takeshi Kaneshiro 1994 Chungking Express
15%
20 Jacques Becker Michel Constantin 1960 Le Trou
15%
135 Abbas Kiarostami Homayoun Ershadi 1997 Taste of Cherry
15%
245 Tarsem Singh Lee Pace 2006 The Fall
15%
232 David Lean William Holden 1957 The Bridge on the River Kwai
14%
54 Emeric Pressburger / Michael Powell Moira Shearer 1948 The Red Shoes
14%
34 Mikhail Kalatozov Sergio Corrieri 1964 I Am Cuba
13%
119 Walter Salles Fernanda Torres 2024 I'm Still Here
13%
154 François Truffaut Jean-Pierre Léaud 1959 The 400 Blows
13%
150 Wim Wenders Bruno Ganz 1987 Wings of Desire
13%
62 Billy Wilder Tyrone Power 1957 Witness for the Prosecution
13%
91 Asghar Farhadi Leila Hatami 2011 A Separation
12%
53 Abbas Kiarostami Hossain Sabzian 1990 Close-Up
12%
51 Paul Schrader Ken Ogata 1985 Mishima: A Life in Four Chapters
12%
148 Wim Wenders Koji Yakusho 2023 Perfect Days
12%
87 Buster Keaton Buster Keaton 1924 Sherlock, Jr.
12%
196 Akira Kurosawa Toshirō Mifune 1957 Throne of Blood
12%
217 Billy Wilder Fred MacMurray 1944 Double Indemnity
11%
55 Akira Kurosawa Toshirō Mifune 1965 Red Beard
11%
32 Mikhail Kalatozov Tatyana Samoylova 1957 The Cranes Are Flying
11%
169 Florian Henckel von Donnersmarck Martina Gedeck 2006 The Lives of Others
11%
28 Hiroshi Teshigahara Eiji Okada 1964 Woman in the Dunes
11%
177 Hideaki Anno Megumi Ogata 2021 Evangelion: 3.0+1.0 Thrice Upon a Time
10%
134 David Lean Celia Johnson 1945 Brief Encounter
10%
194 Kiyoshi Kurosawa Koji Yakusho 1997 Cure
10%
143 Xavier Dolan Anne Dorval 2014 Mommy
10%
58 Federico Fellini Giulietta Masina 1957 Nights of Cabiria
10%
70 Matt Johnson Matt Johnson 2025 Nirvanna the Band the Show the Movie
10%
82 Ingmar Bergman Liv Ullmann 1974 Scenes from a Marriage
10%
152 Greg Kwedar Colman Domingo 2024 Sing Sing
10%
215 Charles Laughton Robert Mitchum 1955 The Night of the Hunter
10%
242 Carol Reed Joseph Cotten 1949 The Third Man
10%
170 Andrei Tarkovsky Erland Josephson 1986 The Sacrifice
9%
165 John Huston Humphrey Bogart 1948 The Treasure of the Sierra Madre
9%
103 Henri-Georges Clouzot Yves Montand 1953 The Wages of Fear
9%
199 Mike Nichols Elizabeth Taylor 1966 Who's Afraid of Virginia Woolf?
9%
229 Satoshi Kon Aya Okamoto 2003 Tokyo Godfathers
8%
205 Chantal Akerman Delphine Seyrig 1975 Jeanne Dielman, 23, quai du Commerce, 1080 Bruxelles
8%
227 Ken Loach David Bradley 1969 Kes
8%
123 Yasujirō Ozu Chishū Ryū 1949 Late Spring
8%
125 Hirokazu Kore-eda Sakura Ando 2023 Monster
8%
182 Andrei Tarkovsky Oleg Yankovskiy 1983 Nostalgia
8%
139 Satyajit Ray Subir Banerjee 1955 Pather Panchali
8%
176 Mike Leigh Brenda Blethyn 1996 Secrets & Lies
8%
44 Larisa Shepitko Boris Plotnikov 1977 The Ascent
8%
233 Otto Preminger James Stewart 1959 Anatomy of a Murder
7%
98 Don Hertzfeldt Don Hertzfeldt 2012 It's Such a Beautiful Day
7%
166 Akira Kurosawa Yuriy Solomin 1975 Dersu Uzala
7%
71 Chen Kaige Leslie Cheung 1993 Farewell My Concubine
7%
218 Kirk Jones Robert Aramayo 2025 I Swear
7%
243 Masaki Kobayashi Michiyo Aratama 1964 Kwaidan
7%
109 Carl Theodor Dreyer Henrik Malberg 1955 Ordet
7%
47 Kenji Mizoguchi Kinuyo Tanaka 1954 Sansho the Bailiff
7%
206 William Friedkin Roy Scheider 1977 Sorcerer
7%
141 Thomas Vinterberg Ulrich Thomsen 1998 The Celebration
7%
74 Kaouther Ben Hania Motaz Malhees 2025 The Voice of Hind Rajab
7%
86 Abbas Kiarostami Babek Ahmed Poor 1987 Where Is the Friend's House?
7%
192 Billy Wilder Kirk Douglas 1951 Ace in the Hole
6%
111 Robert Bresson François Leterrier 1956 A Man Escaped
6%
83 Hu Bo Peng Yuchang 2018 An Elephant Sitting Still
6%
235 Dean Fleischer Camp Jenny Slate 2021 Marcel the Shell with Shoes On
6%
105 Walter Salles Fernanda Montenegro 1998 Central Station
6%
108 Stanley Kramer Spencer Tracy 1961 Judgment at Nuremberg
6%
76 Sion Sono Takahiro Nishijima 2008 Love Exposure
6%
57 Hirokazu Kore-eda Yuya Yagira 2004 Nobody Knows
6%
164 John Cassavetes Gena Rowlands 1977 Opening Night
6%
138 Luchino Visconti Alain Delon 1960 Rocco and His Brothers
6%
153 Hirokazu Kore-eda Lily Franky 2018 Shoplifters
6%
124 Ernst Lubitsch Carole Lombard 1942 To Be or Not to Be
6%
208 Kenji Mizoguchi Machiko Kyō 1953 Ugetsu
6%
144 Emir Kusturica Miki Manojlović 1995 Underground
6%
149 Béla Tarr Lars Rudolph 2000 Werckmeister Harmonies
6%
101 Jean-Pierre Melville Lino Ventura 1969 Army of Shadows
5%
118 Ettore Scola Sophia Loren 1977 A Special Day
5%
107 Tatsuya Yoshihara Kikunosuke Toya 2025 Chainsaw Man - The Movie: Reze Arc
5%
69 Theo Angelopoulos Bruno Ganz 1998 Eternity and a Day
5%
175 Michelangelo Antonioni Marcello Mastroianni 1961 La Notte
5%
145 Jūzō Itami Tsutomu Yamazaki 1985 Tampopo
5%
178 John Ford John Wayne 1962 The Man Who Shot Liberty Valance
5%
225 Ingmar Bergman Gunnar Björnstrand 1963 Winter Light
5%
209 Emeric Pressburger / Michael Powell David Niven 1946 A Matter of Life and Death
4%
211 Satyajit Ray Karuna Banerjee 1956 Aparajito
4%
92 Satyajit Ray Soumitra Chatterjee 1959 Apur Sansar
4%
204 Adam Elliot Toni Collette 2009 Mary and Max
4%
213 Isao Takahata Aki Asakura 2013 The Tale of the Princess Kaguya
4%
112 Pat Boonnitipat Putthipong Assaratanakul 2024 How to Make Millions Before Grandma Dies
4%
96 Theo Angelopoulos Michalis Zeke 1988 Landscape in the Mist
4%
114 Zhang Yimou Gong Li 1991 Raise the Red Lantern
4%
117 Hirokazu Kore-eda Hiroshi Abe 2008 Still Walking
4%
231 William Wyler Dana Andrews 1946 The Best Years of Our Lives
4%
162 Juraj Herz Rudolf Hrušínský 1969 The Cremator
4%
140 Jacques Demy Catherine Deneuve 1967 The Young Girls of Rochefort
4%
171 Yukihiro Miyamoto / Akiyuki Shinbo Aoi Yuuki 2013 Puella Magi Madoka Magica the Movie Part III: Rebellion
3%
201 Tomm Moore David Rawle 2014 Song of the Sea
3%
168 Marcel Carné Arletty 1945 Children of Paradise
3%
193 Sidney Lumet Henry Fonda 1964 Fail Safe
3%
186 Abbas Kiarostami Farhad Kheradmand 1992 Life, and Nothing More...
3%
203 Jules Dassin Jean Servais 1955 Rififi
3%
200 Hideaki Anno Shunji Iwai 2000 Ritual
3%
90 Shinobu Yaguchi Juri Ueno 2004 Swing Girls
3%
222 Hiroshi Teshigahara Tatsuya Nakadai 1966 The Face of Another
3%
216 Vittorio De Sica Carlo Battisti 1952 Umberto D.
3%
184 Ettore Scola Nino Manfredi 1974 We All Loved Each Other So Much
3%
237 Cristian Mungiu Anamaria Marinca 2007 4 Months, 3 Weeks and 2 Days
2%
207 Kazuhisa Takenouchi / Leiji Matsumoto / Hirotoshi Rissen / Daisuke Nishio Romanthony 2003 Interstella 5555: The 5tory of the 5ecret 5tar 5ystem
2%
198 Kiyotaka Oshiyama Yuumi Kawai 2024 Look Back
2%
129 Toshio Matsumoto Shinnosuke Ikehata 1969 Funeral Parade of Roses
2%
219 Dino Risi Vittorio Gassman 1962 Il Sorpasso
2%
248 Lee Chang-dong Yoon Jeong-hee 2010 Poetry
2%
238 Jasmila Žbanić Jasna Đuričić 2020 Quo Vadis, Aida?
2%
236 Alexander Mackendrick Tony Curtis 1957 Sweet Smell of Success
2%
181 Michel Ocelot Cyril Mourali 2006 Azur & Asmar: The Princes' Quest
1%
241 Marcell Jankovics György Cserhalmi 1981 Son of the White Mare
1%
228 Takehiko Inoue Shugo Nakamura 2022 The First Slam Dunk
1%
244 Roberto Gavaldón Ignacio López Tarso 1960 Macario
1%
246 Juan José Campanella Ricardo Darín 2009 The Secret in Their Eyes
1%
No matching quizzes found
Score Distribution
Percent of People with Each Score
Percentile by Number Answered
Your Score History
You have not taken this quiz since the last reset